Chuyện tâm linh Việt Nam

Salvato in:
Dettagli Bibliografici
Autore principale: LÝ KHẮC CUNG
Natura: Libro
Lingua:Undetermined
Pubblicazione: Hà Nội VHDT 2002
Soggetti:
Tags: Aggiungi Tag
Nessun Tag, puoi essere il primo ad aggiungerne! !
Thư viện lưu trữ: Trung tâm Học liệu Trường Đại học Cần Thơ
LEADER 00468nam a2200169Ia 4500
001 CTU_48182
008 210402s9999 xx 000 0 und d
082 |a 398.209597 
082 |b C513 
100 |a LÝ KHẮC CUNG 
245 0 |a Chuyện tâm linh Việt Nam 
245 0 |c LÝ KHẮC CUNG 
260 |a Hà Nội 
260 |b VHDT 
260 |c 2002 
650 |a folk literature, vietnamese 
980 |a Trung tâm Học liệu Trường Đại học Cần Thơ